| 000 | 01261nam a2200337 a 4500 | ||
|---|---|---|---|
| 001 | BNC01000000000000001206676 | ||
| 003 | CL-SaCFP | ||
| 005 | 20260305150907.0 | ||
| 008 | 220909s2021 cl a b 000 0dspa | ||
| 015 |
_acl-2021-xxxx _2bcl |
||
| 020 | _a9789564101057 | ||
| 040 |
_aclsabn _bspa _cclsabn |
||
| 082 | 0 | 4 |
_a658.022 _bF363 _221 |
| 099 | _albh/20220909 | ||
| 099 | _aevp/o/20240607 | ||
| 099 | _amcb/s/20240611 | ||
| 100 | 1 | _aFernández Rojas, Raúl | |
| 245 | 1 | 0 |
_aCompetencias CIE : _b(creatividad - innovación - emprendimiento) : del homo erectus al homo innovarum / _cRaúl Fernández Rojas. |
| 246 | 3 | 0 | _a(Creatividad - innovación - emprendimiento) : del homo erectus al homo innovarum |
| 246 | 3 | 0 | _aDel homo erectus al homo innovarum |
| 260 |
_a[Chile] : _b[Editorial no identificada], _c2021 _e(Chile : _f[Donnebaum]) |
||
| 300 |
_a142 páginas : _bdiagramas ; _c21 cm. |
||
| 500 | _a"Se crea con el espíritu y la mente, se innova con la mente y el cuerpo se emprende con todo el ser". R.F.R. -- Cubierta. | ||
| 504 | _aBibliografía: páginas 140-142. | ||
| 650 | 7 | _aInnovación | |
| 650 | 7 | _aAptitud creadora | |
| 650 | 7 | _aEmprendimiento | |
| 650 | 7 | _aÉxito en los negocios | |
| 942 |
_2ddc _cLIBRO |
||
| 949 |
_ac _bn |
||
| 999 |
_c16341 _d16341 |
||